Guess the historical people from the pictures - Statistics

General Stats
  • This quiz has been taken 255 times
  • The average score is 9 of 16
Answer Stats
Picture Answer % Correct
Albert Einstein
99%
Abraham Lincoln
90%
Princess Diana
89%
Henry the VIII
81%
Genghis Khan
74%
Julius Caesar
74%
Marie Antoinette
72%
Vladimir Lenin
72%
Joan of Arc
70%
Harry Truman
50%
Edgar Allan Poe
48%
Nefertiti
41%
Jane Austen
30%
Catherine the Great
27%
Hedy Lamarr
7%
Empress Wu Zetian
3%
No matching quizzes found
Score Distribution
Percent of People with Each Score
Percentile by Number Answered
Your Score History
You have not taken this quiz